New construction orders (Record no. 79651)

MARC details
000 -LEADER
fixed length control field 01154cad a22002175a 4500
001 - CONTROL NUMBER
control field L141906
008 - FIXED-LENGTH DATA ELEMENTS--GENERAL INFORMATION
fixed length control field 080114e20080108xxkd f s f000 0 eng d
035 ## - SYSTEM CONTROL NUMBER
System control number (Sirsi) u141906
041 0# - LANGUAGE CODE
Language code of text/sound track or separate title eng
110 1# - MAIN ENTRY--CORPORATE NAME
Corporate name or jurisdiction name as entry element United Kingdom
Subordinate unit Department for Business, Enterprise and Regulatory Reform
9 (RLIN) 5262
245 00 - TITLE STATEMENT
Title New construction orders
Remainder of title November 2007
Medium [electronic resource]
260 ## - PUBLICATION, DISTRIBUTION, ETC.
Date of publication, distribution, etc. 2008
490 ## - SERIES STATEMENT
Series statement GNN Press Release
Volume/sequential designation (156206P) 10 January 2008
520 ## - SUMMARY, ETC.
Summary, etc. In the 12 months to November 2007, construction orders increased by 1% compared with the previous 12 months, and orders increased by 5% in the three months to November 2007 compared to the same period in 2006. In the three months to November 2007, orders increased by 3% compared to the previous three months, with rises in public and private housing, and infrastructure orders.
590 ## - LOCAL NOTE (RLIN)
Local note KA
650 24 - SUBJECT ADDED ENTRY--TOPICAL TERM
Topical term or geographic name entry element DBERR NEW CONSTRUCTION ORDERS
651 #4 - SUBJECT ADDED ENTRY--GEOGRAPHIC NAME
Geographic name Great Britain
Chronological subdivision 1707-
690 ## - LOCAL SUBJECT ADDED ENTRY--TOPICAL TERM (OCLC, RLIN)
Topical term or geographic name as entry element BUILT ENVIRONMENT-CONSTRUCTION MARKET
856 40 - ELECTRONIC LOCATION AND ACCESS
Uniform Resource Identifier <a href="https://stats.bis.gov.uk/construction/neworders/200711/index.asp#Related_documents">https://stats.bis.gov.uk/construction/neworders/200711/index.asp#Related_documents</a>
Public note View the item free of charge at stats.bis/gov.uk
942 ## - ADDED ENTRY ELEMENTS (KOHA)
Suppress in OPAC 0
Holdings
Withdrawn status Lost status Source of classification or shelving scheme Damaged status Not for loan Home library Current library Shelving location Date acquired Total Checkouts Full call number Barcode Date last seen Copy number Price effective from Koha item type
    Dewey Decimal Classification     Virtual Virtual Online 14/01/2008   ONLINE PUBLICATION 141906-2001 06/08/2019 1 06/08/2019 Journal article